000 00517nam a2200217Ia 4500
003 OSt
005 20220928145921.0
006 a|||||r|||| 00| 0
007 ta
008 220927b |||||||| |||| 00| 0 eng d
024 _a85579
037 _cTextual
040 _aSDCL
_cSDCL
_beng
041 _2eng
_aeng
082 _aO:g, P1
100 _aRichards I A
245 0 _aPrinciples of literary criticism
260 _c2001
942 _hO:g, P1
_cTEXL
_2CC
999 _c837819
_d837819